000 00513nam a2200169 a 4500
001 6296
003 CO-ViMGA
008 141112s2004 ck r 000 u spa d
040 _aCO-ViMGA
_bspa
_cCO-ViMGA
082 0 4 _a637.4 M127
100 1 _aMadrid Vicente, Antonio
_950632
245 1 0 _aTecnología de la elaboración de los helados /
_cMadrid Vicente Antonio , Cenzano del Castillo Inmaculada
260 _aMadrid :
_bAMV,
_c1995
300 _a376 p
650 1 4 _aHELADOS - ELABORACION
_94989
942 _2ddc
_cBK
999 _c18267
_d18267